Normal view
MARC view
Entry Geographic Name
001 - CONTROL NUMBER
- control field: 5650
003 - CONTROL NUMBER IDENTIFIER
- control field: OSt
005 - DATE AND TIME OF LATEST TRANSACTION
- control field: 20150903143700.0
008 - FIXED-LENGTH DATA ELEMENTS
- fixed length control field: 150903|| aca||aabn | a|a d
040 ## - CATALOGING SOURCE
- Original cataloging agency: OSt
- Transcribing agency: OSt
151 ## - HEADING--GEOGRAPHIC NAME
- Geographic name: Pharmaceutics
670 ## - SOURCE DATA FOUND
- Source citation: Work cat.: (OSt): Sinko, Patrick J. 2924, Martin's Physical pharmacy and pharmaceutical science, 2011
